[Event "Osasco Carvalho Memorial"]
[Site "Osasco"]
[Date "2022.02.19"]
[Round "2"]
[White "Da Cruz, Antonio Gustavo Nas"]
[Black "Aragao Neto, Joao Batista"]
[Result "0-1"]
[WhiteElo "1800"]
[BlackElo "1651"]
[PlyCount "42"]
[EventDate "2022.02.18"]
[EventType "swiss"]
[EventRounds "6"]
[EventCountry "BRA"]
[SourceTitle "CBM 207 Extra"]
[Source "ChessBase"]
[SourceDate "2022.05.31"]
[SourceVersion "1"]
[SourceVersionDate "2022.05.31"]
[SourceQuality "1"]

1. d4 d5 2. e3 c6 3. Bd3 Nf6 4. h3 e6 5. Nf3 Bd6 6. b3 Nbd7 7. Bb2 0-0 8. 0-0 Qc7 9. Ne5 Nxe5 10. dxe5 Bxe5 11. Bxe5 Qxe5 12. c3 Qh5 13. g4 Qxh3 14. f3 e5 15. Be2 e4 16. Nd2 exf3 17. Rxf3 Qxg4+ 18. Kf1 Qh4 19. Rf4 Bh3+ 20. Kg1 Qg3+ 21. Kh1 Qg2# 0-1